[Event "HUN-chT U18"]
[Site "Hajduboszormeny"]
[Date "2016.11.06"]
[Round "8.27"]
[White "Kovacs, Judit"]
[Black "Berczi, Peter"]
[Result "1-0"]
[WhiteElo "2022"]
[BlackElo "1980"]
[PlyCount "79"]
[EventDate "2016.11.02"]
[EventType "team-swiss"]
[EventRounds "8"]
[EventCountry "HUN"]
[SourceTitle "CBM 175 Extra"]
[Source "ChessBase"]
[SourceDate "2016.12.12"]
[SourceVersion "1"]
[SourceVersionDate "2016.12.12"]
[SourceQuality "1"]

1. Nf3 Nf6 2. c4 g6 3. g3 Bg7 4. Bg2 0-0 5. d4 d6 6. Nc3 c6 7. 0-0 Nbd7 8. h3 e5 9. e4 Qb6 10. Re1 exd4 11. Nxd4 Ng4 12. Nce2 Nge5 13. b3 Nc5 14. Be3 a5 15. Rb1 Re8 16. a3 Qc7 17. Qc2 Qe7 18. Nc3 Ne6 19. Nde2 Nd7 20. Rbd1 Ndc5 21. f4 Nc7 22. Nd4 N7e6 23. Nde2 Nc7 24. Bf2 Qf6 25. Rd2 a4 26. b4 Nb3 27. Rdd1 Qe6 28. Nxa4 Rxa4 29. Qxb3 b5 30. Rc1 Qe7 31. Nd4 Be6 32. f5 Bxd4 33. Bxd4 gxf5 34. exf5 Bxc4 35. Rxe7 Bxb3 36. Rxc7 c5 37. Bf6 Bc4 38. bxc5 dxc5 39. Bb2 f6 40. Rd1 1-0

[Event "HUN-chT U18"]
[Site "Hajduboszormeny"]
[Date "2016.11.05"]
[Round "7.21"]
[White "Berczi, Peter"]
[Black "Arvai, Eszter"]
[Result "1-0"]
[WhiteElo "1980"]
[BlackElo "2035"]
[PlyCount "77"]
[EventDate "2016.11.02"]
[EventType "team-swiss"]
[EventRounds "8"]
[EventCountry "HUN"]
[SourceTitle "CBM 175 Extra"]
[Source "ChessBase"]
[SourceDate "2016.12.12"]
[SourceVersion "1"]
[SourceVersionDate "2016.12.12"]
[SourceQuality "1"]

1. e4 e5 2. Nf3 Nc6 3. Bb5 a6 4. Ba4 Nf6 5. d4 exd4 6. 0-0 Be7 7. e5 Nd5 8. c3 Nb6 9. Bxc6 dxc6 10. Qxd4 0-0 11. b3 c5 12. Qxd8 Rxd8 13. c4 Bg4 14. Bg5 Bxg5 15. Nxg5 Rd3 16. Ne4 Nd7 17. f4 Rd4 18. Nbc3 b5 19. cxb5 axb5 20. Nf2 Be6 21. Nxb5 Rd2 22. Nxc7 Raxa2 23. Rxa2 Rxa2 24. Nxe6 fxe6 25. Rd1 Nf8 26. Ne4 Rc2 27. Rd8 c4 28. bxc4 Rxc4 29. Ng5 Rc6 30. Nxh7 Kxh7 31. Rxf8 g5 32. g3 gxf4 33. gxf4 Kg6 34. Kg2 Kh5 35. Rf6 Kh4 36. Kf3 Rc3+ 37. Ke4 Rc4+ 38. Ke3 Rc6 39. f5 1-0

[Event "HUN-chT2 Toth 1617"]
[Site "Hungary"]
[Date "2016.10.09"]
[Round "2.4"]
[White "Donko, Matyas"]
[Black "Berczi, Peter"]
[Result "0-1"]
[WhiteElo "1954"]
[BlackElo "1965"]
[PlyCount "70"]
[EventDate "2016.09.25"]
[EventType "team-tourn"]
[EventRounds "11"]
[EventCountry "HUN"]
[SourceTitle "EXT 2021"]
[Source "ChessBase"]
[SourceDate "2020.10.23"]
[SourceVersion "1"]
[SourceVersionDate "2020.10.23"]
[SourceQuality "1"]
[WhiteTeam "Kecskemet Takisz"]
[BlackTeam "Szeged Maroczy II"]
[WhiteTeamCountry "HUN"]
[BlackTeamCountry "HUN"]

1. e4 d6 2. d4 Nf6 3. Nc3 e5 4. Nf3 exd4 5. Nxd4 Be7 6. Bf4 0-0 7. Qd2 Nc6 8. 0-0-0 Nxd4 9. Qxd4 a6 10. f3 b5 11. g4 c5 12. Qd2 b4 13. Ne2 Qa5 14. Kb1 Be6 15. b3 Rfd8 16. Ng3 d5 17. e5 Ne8 18. Nf5 Bf8 19. Bg5 Rd7 20. f4 Nc7 21. Rc1 Nb5 22. Bxb5 axb5 23. c3 c4 24. Nd6 bxc3 25. Rxc3 b4 26. Rg3 Rda7 27. f5 c3 28. Qc2 Qxa2+ 29. Kc1 Qa1+ 30. Qb1 Qxb1+ 31. Kxb1 Ra2 32. Kc1 Ra1+ 33. Kc2 Rxh1 34. fxe6 Rxh2+ 35. Kd3 fxe6 0-1

[Event "HUN-ch U14"]
[Site "Balatonlelle"]
[Date "2016.06.29"]
[Round "6"]
[White "Berczi, Peter"]
[Black "Geher, Koppany"]
[Result "1/2-1/2"]
[WhiteElo "1851"]
[BlackElo "1898"]
[PlyCount "67"]
[EventDate "2016.06.24"]
[EventType "swiss"]
[EventRounds "7"]
[EventCountry "HUN"]
[SourceTitle "CBM 173 Extra"]
[Source "ChessBase"]
[SourceDate "2016.08.29"]
[SourceVersion "1"]
[SourceVersionDate "2016.08.29"]
[SourceQuality "1"]

1. e4 e6 2. d4 d5 3. Nc3 Nf6 4. e5 Nfd7 5. f4 c5 6. Nf3 Nc6 7. Be3 Be7 8. Qd2 0-0 9. 0-0-0 c4 10. f5 b5 11. fxe6 fxe6 12. Nxb5 Rb8 13. Nd6 Qc7 14. Ng5 Bxd6 15. exd6 Qxd6 16. c3 Nb6 17. Qc2 g6 18. g3 e5 19. Bh3 Bxh3 20. Nxh3 Rb7 21. Rhf1 Rbf7 22. Qe2 Nd7 23. Rxf7 Rxf7 24. dxe5 Ncxe5 25. Nf4 Nf6 26. Bd4 Re7 27. Bxe5 Qxe5 28. Qd2 Rd7 29. Qd4 Qxd4 30. Rxd4 Kf7 31. h4 Ke7 32. b3 cxb3 33. axb3 Kd6 34. Kc2 1/2-1/2

[Event "HUN-chT Csongrad Region"]
[Site "Hungary"]
[Date "2016.04.24"]
[Round "9.2"]
[White "Kohalmi, Laszlo"]
[Black "Berczi, Peter"]
[Result "0-1"]
[WhiteElo "1571"]
[BlackElo "1797"]
[PlyCount "80"]
[EventDate "2015.09.20"]
[EventType "team-tourn"]
[EventRounds "9"]
[EventCountry "HUN"]
[SourceTitle "EXT 2017"]
[Source "ChessBase"]
[SourceDate "2016.10.25"]
[SourceVersion "1"]
[SourceVersionDate "2016.10.25"]
[SourceQuality "1"]

1. Nf3 c5 2. c4 d6 3. g3 g6 4. Bg2 Bg7 5. Nc3 Nc6 6. a3 e6 7. 0-0 Nge7 8. e3 0-0 9. d4 cxd4 10. Nxd4 a6 11. Nxc6 bxc6 12. Rb1 a5 13. Qc2 Ba6 14. b3 Qc7 15. Ne2 e5 16. Rd1 f5 17. Bb2 g5 18. Rd2 Ng6 19. Rbd1 Rad8 20. b4 axb4 21. axb4 f4 22. exf4 gxf4 23. Bh1 f3 24. Nc1 Bh6 25. Rd3 d5 26. b5 cxb5 27. Rxf3 dxc4 28. Rxf8+ Bxf8 29. Rxd8 Qxd8 30. Bf3 b4 31. Qf5 Qd6 32. Qc2 Qc5 33. Be4 Kg7 34. Ne2 Qb5 35. Kf1 c3 36. Bc1 b3 37. Qd1 Bc5 38. Bxg6 Kxg6 39. Kg2 b2 40. Nxc3 Qf1+ 0-1

[Event "HUN-chT2 Toth 1516"]
[Site "Hungary"]
[Date "2016.04.03"]
[Round "10.7"]
[White "Berczi, Peter"]
[Black "Monus, Zoltan"]
[Result "1-0"]
[WhiteElo "1802"]
[BlackElo "2030"]
[PlyCount "77"]
[EventDate "2015.09.13"]
[EventType "team-tourn"]
[EventRounds "11"]
[EventCountry "HUN"]
[SourceTitle "EXT 2017"]
[Source "ChessBase"]
[SourceDate "2016.10.25"]
[SourceVersion "1"]
[SourceVersionDate "2016.10.25"]
[SourceQuality "1"]
[WhiteTeam "Maroczy II"]
[BlackTeam "Oroshaza"]
[WhiteTeamCountry "HUN"]
[BlackTeamCountry "HUN"]

1. e4 e5 2. Nf3 Nc6 3. Bc4 Be7 4. d4 d6 5. 0-0 Nf6 6. Re1 0-0 7. c3 Bg4 8. d5 Nb8 9. h3 Bc8 10. Bd3 Ne8 11. Qc2 a5 12. b4 Na6 13. Bd2 g6 14. Bxa6 Rxa6 15. bxa5 f5 16. c4 g5 17. exf5 Bxf5 18. Qb3 g4 19. hxg4 Bxg4 20. Qxb7 Bxf3 21. Qxa6 Bg5 22. gxf3 Rxf3 23. Qb5 Ng7 24. a6 Bxd2 25. Nxd2 Qg5+ 26. Kf1 Qxd2 27. Re2 Qd4 28. Qb2 Qh4 29. Ke1 Qg5 30. a7 Rf8 31. Rd1 Qg1+ 32. Kd2 Qg5+ 33. Kc3 Nf5 34. Qb8 Nd4 35. Qxf8+ Kxf8 36. a8Q+ Kg7 37. Re3 Qh4 38. Rg3+ Kf7 39. Qg8+ 1-0

[Event "HUN-chT Csongrad Region"]
[Site "Hungary"]
[Date "2016.03.06"]
[Round "7.3"]
[White "Abraham, Lajos"]
[Black "Berczi, Peter"]
[Result "1-0"]
[WhiteElo "1766"]
[BlackElo "1797"]
[PlyCount "157"]
[EventDate "2015.09.20"]
[EventType "team-tourn"]
[EventRounds "9"]
[EventCountry "HUN"]
[SourceTitle "EXT 2017"]
[Source "ChessBase"]
[SourceDate "2016.10.25"]
[SourceVersion "1"]
[SourceVersionDate "2016.10.25"]
[SourceQuality "1"]

1. e4 c5 2. Nf3 d6 3. d4 cxd4 4. Nxd4 Nf6 5. Nc3 g6 6. h3 Bg7 7. Be3 Nc6 8. Qd2 0-0 9. Rd1 Bd7 10. Be2 Nxd4 11. Bxd4 Bc6 12. Bf3 Nd7 13. Bxg7 Kxg7 14. 0-0 Ne5 15. Be2 f5 16. f4 Qb6+ 17. Qd4 Qxd4+ 18. Rxd4 Nd7 19. exf5 gxf5 20. Rd3 Kf6 21. Bf3 Rac8 22. Rf2 Bxf3 23. Rfxf3 Rc6 24. Rd2 Nc5 25. b4 Ne4 26. Nxe4+ fxe4 27. Re3 Rc4 28. c3 Rfc8 29. Kf2 Kf5 30. g3 Rxc3 31. Rd5+ Kf6 32. Ra5 b6 33. Rxa7 d5 34. g4 Rxe3 35. Kxe3 Rc3+ 36. Ke2 d4 37. Rd7 Rc2+ 38. Kd1 Rc4 39. a3 e3 40. Rd5 e6 41. g5+ Kf7 42. Re5 Rc6 43. Ke2 Rc2+ 44. Kd1 Rc6 45. Ke2 Rd6 46. Kd3 Rd8 47. a4 Ra8 48. a5 bxa5 49. bxa5 Rd8 50. a6 Rd7 51. Ra5 Ra7 52. h4 Ke7 53. h5 Kf7 54. Ra4 Ke7 55. Rxd4 Rxa6 56. Kxe3 Ra1 57. Rb4 Kf7 58. Rb7+ Kg8 59. h6 Re1+ 60. Kd4 Re2 61. Rg7+ Kh8 62. Ra7 Kg8 63. Ra1 Kf7 64. Kd3 Rf2 65. Ke3 Rb2 66. Ra7+ Kg6 67. Rg7+ Kf5 68. Rxh7 Rb3+ 69. Kf2 Kxf4 70. g6 Rb2+ 71. Ke1 Ke3 72. Kd1 Rb1+ 73. Kc2 Rb8 74. g7 Rc8+ 75. Kb3 Rb8+ 76. Kc4 Rc8+ 77. Kb5 Rb8+ 78. Kc6 Rc8+ 79. Kd7 1-0

[Event "HUN-chT Csongrad Region"]
[Site "Hungary"]
[Date "2015.11.15"]
[Round "4.2"]
[White "Berczi, Peter"]
[Black "Balatoni, Gyorgy"]
[Result "1/2-1/2"]
[WhiteElo "1797"]
[BlackElo "1772"]
[PlyCount "70"]
[EventDate "2015.09.20"]
[EventType "team-tourn"]
[EventRounds "9"]
[EventCountry "HUN"]
[SourceTitle "EXT 2017"]
[Source "ChessBase"]
[SourceDate "2016.10.25"]
[SourceVersion "1"]
[SourceVersionDate "2016.10.25"]
[SourceQuality "1"]

1. e4 c6 2. d4 d5 3. exd5 cxd5 4. Bd3 Nc6 5. c3 g6 6. f4 e6 7. Nf3 Bg7 8. 0-0 Nf6 9. Ne5 0-0 10. Nd2 a6 11. a4 Qb6 12. Nb3 Nxe5 13. fxe5 Nd7 14. Kh1 a5 15. Bg5 f5 16. Bb5 Rf7 17. g4 h6 18. Bd2 Nf8 19. Nc5 Qc7 20. gxf5 exf5 21. Rg1 b6 22. Nd3 Be6 23. Nf4 g5 24. Nh5 f4 25. Be2 Qe7 26. Bg4 Bxg4 27. Qxg4 Qe6 28. h4 Qxg4 29. Rxg4 Ne6 30. Nxg7 Rxg7 31. hxg5 Rxg5 32. Rag1 Rf8 33. Kh2 Kh7 34. Rxg5 hxg5 35. Kh3 Kg6 1/2-1/2

[Event "HUN-chT2 Toth 1516"]
[Site "Hungary"]
[Date "2015.10.18"]
[Round "3.10"]
[White "Berczi, Peter"]
[Black "Marton, Attila"]
[Result "0-1"]
[WhiteElo "1802"]
[BlackElo "1795"]
[PlyCount "64"]
[EventDate "2015.09.13"]
[EventType "team-tourn"]
[EventRounds "11"]
[EventCountry "HUN"]
[SourceTitle "CBM 170 Extra"]
[Source "ChessBase"]
[SourceDate "2016.02.25"]
[SourceVersion "1"]
[SourceVersionDate "2016.02.25"]
[SourceQuality "1"]
[WhiteTeam "Maroczy II"]
[BlackTeam "Takisz"]
[WhiteTeamCountry "HUN"]
[BlackTeamCountry "HUN"]

1. e4 c6 2. d4 d5 3. Nc3 dxe4 4. Nxe4 Nf6 5. Nxf6+ exf6 6. Bf4 Bd6 7. Bxd6 Qxd6 8. c3 0-0 9. Bd3 Be6 10. Ne2 Nd7 11. 0-0 Rfe8 12. Ng3 g6 13. Re1 f5 14. Bc2 Nf6 15. Qd2 Kg7 16. a3 h6 17. Rad1 Rad8 18. Ne2 Ng4 19. Qf4 Qd7 20. h3 g5 21. Qd2 Nf6 22. f4 g4 23. Ng3 gxh3 24. gxh3 Rg8 25. Kh2 Kh8 26. Re5 Ng4+ 27. hxg4 Rxg4 28. Nxf5 Rdg8 29. Qf2 Qd8 30. Kh3 Qf6 31. Be4 Qg6 32. Qh4 Rxh4+ 0-1

[Event "HUN-chT Csongrad Region"]
[Site "Hungary"]
[Date "2015.09.27"]
[Round "2.1"]
[White "Kiss, Rebeka"]
[Black "Berczi, Peter"]
[Result "1/2-1/2"]
[WhiteElo "1702"]
[BlackElo "1797"]
[PlyCount "63"]
[EventDate "2015.09.20"]
[EventType "team-tourn"]
[EventRounds "9"]
[EventCountry "HUN"]
[SourceTitle "EXT 2017"]
[Source "ChessBase"]
[SourceDate "2016.10.25"]
[SourceVersion "1"]
[SourceVersionDate "2016.10.25"]
[SourceQuality "1"]

1. e4 c5 2. Nf3 d6 3. d4 cxd4 4. Nxd4 Nf6 5. Nc3 g6 6. Be3 Bg7 7. f3 0-0 8. Qd2 Nc6 9. 0-0-0 Nxd4 10. Bxd4 Be6 11. g4 Qa5 12. Kb1 Rfc8 13. h4 Rab8 14. Nd5 Qxd2 15. Rxd2 Nxd5 16. exd5 Bxd4 17. Rxd4 Bd7 18. Bd3 h6 19. Re1 Re8 20. Rde4 Kf8 21. Rf4 Kg7 22. Rfe4 e6 23. dxe6 Rxe6 24. Rxe6 fxe6 25. Bc4 Kf6 26. Kc1 Rc8 27. Bd3 Rc5 28. Kd2 Bb5 29. Re3 Rd5 30. b3 Bxd3 31. Rxd3 Ke5 32. Ke3 1/2-1/2

[Event "HUN-chT U18"]
[Site "Budapest"]
[Date "2015.08.29"]
[Round "6.41"]
[White "Berczi, Peter"]
[Black "Papp, Levente"]
[Result "1/2-1/2"]
[WhiteElo "1825"]
[BlackElo "1944"]
[PlyCount "61"]
[EventDate "2015.08.26"]
[EventType "team-swiss"]
[EventRounds "8"]
[EventCountry "HUN"]
[SourceTitle "EXT 2016"]
[Source "ChessBase"]
[SourceDate "2015.10.08"]
[SourceVersion "1"]
[SourceVersionDate "2015.10.08"]
[SourceQuality "1"]

1. e4 e6 2. d4 d5 3. Nc3 Bb4 4. Nge2 Nc6 5. a3 Bxc3+ 6. Nxc3 dxe4 7. Bb5 Bd7 8. Nxe4 Qh4 9. Bd3 h6 10. c3 Qe7 11. 0-0 Nf6 12. f4 Nxe4 13. Bxe4 0-0-0 14. Qf3 f5 15. Bc2 Nb8 16. Qe2 Qd6 17. Re1 g5 18. Qe5 Qe7 19. Bxf5 Nc6 20. Qe2 exf5 21. Qxe7 Nxe7 22. Rxe7 g4 23. Be3 Rde8 24. Re5 h5 25. Re1 c6 26. Bd2 Kc7 27. Kf2 b5 28. Rxe8 Rxe8 29. Rxe8 Bxe8 30. Ke3 Bf7 31. g3 1/2-1/2

[Event "HUN-chT U18"]
[Site "Budapest"]
[Date "2015.08.27"]
[Round "2.40"]
[White "Berczi, Peter"]
[Black "Orosz, Andras"]
[Result "0-1"]
[WhiteElo "1825"]
[BlackElo "2281"]
[PlyCount "80"]
[EventDate "2015.08.26"]
[EventType "team-swiss"]
[EventRounds "8"]
[EventCountry "HUN"]
[SourceTitle "EXT 2016"]
[Source "ChessBase"]
[SourceDate "2015.10.08"]
[SourceVersion "1"]
[SourceVersionDate "2015.10.08"]
[SourceQuality "1"]

1. e4 c5 2. Nf3 g6 3. d4 cxd4 4. Nxd4 Nc6 5. c4 Nf6 6. Nc3 d6 7. Be2 Nxd4 8. Qxd4 Bg7 9. Be3 0-0 10. Qd2 Be6 11. Rc1 a6 12. b3 Rb8 13. f3 Qe8 14. a4 Nd7 15. Nd5 Nc5 16. Bxc5 dxc5 17. Qg5 Bxd5 18. cxd5 Bd4 19. h4 f6 20. Qd2 Qd8 21. f4 Kh8 22. Bf3 b5 23. h5 g5 24. fxg5 fxg5 25. Qxg5 bxa4 26. bxa4 Rb2 27. Rxc5 Rb1+ 28. Rc1 Qa5+ 29. Ke2 Rb2+ 30. Kd3 Bf6 31. Qh6 Rfb8 32. e5 Qxa4 33. exf6 R8b3+ 34. Rc3 Rxc3+ 35. Kxc3 Rb3+ 36. Kd2 Qd4+ 37. Ke1 Rb1+ 38. Ke2 Rb2+ 39. Ke1 Qf2+ 40. Kd1 Qc2+ 0-1

[Event "HUN-chT2 Toth 1415"]
[Site "Hungary"]
[Date "2015.01.25"]
[Round "7.11"]
[White "Ferenczi, Bela Istvan"]
[Black "Berczi, Peter"]
[Result "1/2-1/2"]
[WhiteElo "1673"]
[BlackElo "1639"]
[PlyCount "61"]
[EventDate "2014.09.07"]
[EventType "team-tourn"]
[EventRounds "11"]
[EventCountry "HUN"]
[SourceTitle "EXT 2016"]
[Source "ChessBase"]
[SourceDate "2015.10.08"]
[SourceVersion "1"]
[SourceVersionDate "2015.10.08"]
[SourceQuality "1"]
[WhiteTeam "Toth Laszlo"]
[BlackTeam "Maroczy II"]
[WhiteTeamCountry "HUN"]
[BlackTeamCountry "HUN"]

1. e4 c5 2. d4 cxd4 3. c3 dxc3 4. Nxc3 Nc6 5. Nf3 d6 6. Bc4 Nf6 7. h3 g6 8. 0-0 Bg7 9. Qe2 0-0 10. Rd1 Qa5 11. Nb5 a6 12. Bd2 Qb6 13. Be3 Qa5 14. Bd2 Qd8 15. Nc3 b5 16. Bd3 Bb7 17. Be3 Nd7 18. Rac1 Nce5 19. Nxe5 Nxe5 20. Bb1 Rc8 21. Bd4 Nc4 22. Bxg7 Kxg7 23. b3 Ne5 24. Qb2 Qb6 25. Kh2 Kg8 26. f4 Nd7 27. e5 Nc5 28. b4 Ne6 29. f5 Ng7 30. exd6 exd6 31. Nd5 1/2-1/2